000
00302nam a22001337a 4500
082
_a
823
_b
STE/K
245
_a
KIDNAPPED
_b
SHORT STORY
246
_a
KIDNAPPED
_b
SHORT STORY
250
_a
1996
260
_a
DELHI
_b
ROHAN BOOK COMPANY
_c
1996
300
_a
221
520
_a
CHILDRENS SHORT STORY
942
_c
BK
999
_c
332
_d
332